000 00303nam a22001337a 4500
008 170904b xxu||||| |||| 00| 0 eng d
020 _a009155960
041 _aeng
080 _25 ED
_a070
100 _a40
101 _aMED
245 _aMASS MEDIA MASS CULTURE
_cWILSON.J.R
942 _2udc
_cBK
999 _c26064
_d26064